Loading...
| Science - Chemistry | 6 | 3 | 1 | 0 | 115 | 30 | 57.11 | 7 | 9 |
| Science - Biology | 0 | 8 | 0 | 2 | 80 | 61 | 99.63 | 3 | 7 |
| Science - Other Science | 1 | 6 | 0 | 1 | 75 | 76 | 101.86 | 2 | 6 |
| Science - Physics | 2 | 4 | 0 | 0 | 70 | 42 | 69.17 | 4 | 5 |
| Mythology | 2 | 1 | 0 | 0 | 40 | 62 | 92.67 | 0 | 2 |
| Fine Arts - Auditory Fine Arts | 0 | 2 | 0 | 1 | 20 | 132 | 133.00 | 0 | 0 |
| History - World History | 0 | 2 | 0 | 0 | 20 | 73 | 80.50 | 0 | 1 |
| Pop Culture | 1 | 0 | 0 | 0 | 15 | 20 | 20.00 | 0 | 1 |
| Literature - British Literature | 1 | 0 | 0 | 0 | 15 | 61 | 61.00 | 0 | 1 |
| History - Other History | 0 | 1 | 0 | 0 | 10 | 107 | 107.00 | 0 | 1 |
| History - European History | 0 | 1 | 0 | 0 | 10 | 79 | 79.00 | 0 | 1 |
| Fine Arts - Visual Fine Arts | 0 | 1 | 0 | 1 | 10 | 147 | 147.00 | 0 | 0 |
| Literature - European Literature | 0 | 1 | 1 | 0 | 5 | 98 | 98.00 | 1 | 1 |